Photoassimilate distribution in plants and crops: source-sink relationships
Guardat en:
| Autors principals: | , |
|---|---|
| Format: | Llibre |
| Idioma: | anglès |
| Publicat: |
Nueva York
Marcel Dekker
1996
|
| Col·lecció: | Books in Soils, Plants, and the Environment
|
| Matèries: | |
| Etiquetes: |
Afegir etiqueta
Sense etiquetes, Sigues el primer a etiquetar aquest registre!
|
MARC
| LEADER | 00000nam a2200000 a 4500 | ||
|---|---|---|---|
| 001 | UCN5217 | ||
| 003 | CL-VaPUC | ||
| 008 | 010824e19960000US |||||||||||||||||eng|d | ||
| 082 | 0 | 4 | |a 582.13 |b ZAM |2 21 |
| 100 | 0 | |a Zamski, Eli |e author |9 461280 | |
| 700 | 0 | |a Schaffer, Arthur A |e author |9 461281 | |
| 245 | 1 | 0 | |a Photoassimilate distribution in plants and crops: source-sink relationships |
| 300 | |a 905 p | ||
| 942 | |c BK | ||
| 945 | |d 20010824 00:00:00 |a cmena | ||
| 260 | |a Nueva York |b Marcel Dekker |c 1996 | ||
| 650 | 7 | |a PLANTAS - FOTOSINTESIS |2 CL-VaPUC |9 461282 | |
| 650 | 7 | |a PLANTAS - METABOLISMO |2 CL-VaPUC |9 460357 | |
| 650 | 7 | |a PLANTAS - FISIOLOGIA |2 CL-VaPUC |9 461283 | |
| 583 | |a last modification |c 20010824 00:00:00 |k Rodrigo Vera | ||
| 490 | 0 | |a Books in Soils, Plants, and the Environment | |
| 999 | |c 296874 |d 296872 | ||
| 952 | |0 0 |1 0 |4 0 |6 582_130000000000000_ZAM_1996 |7 0 |8 A |9 351149 |a BIBAGR |b BIBAGR |d 2019-11-21 |i 3738566 |o 582.13 ZAM 1996 |p 3738566 |r 2025-01-20 |w 2019-11-21 |y BK |k AGR | ||